Ethical practices and implications in distance learning

This book provides ethical insight into the world of e-learning through case studies that elucidate the issues through real-world examples

Đã lưu trong:
Sonraí Bibleagrafaíochta
Formáid: Leabhar
Teanga:Undetermined
Foilsithe: Hershey, PA Information Science Reference c2009
Ábhair:
Clibeanna: Cuir Clib Leis
Gan Chlibeanna, Bí ar an gcéad duine leis an taifead seo a chlibeáil!
Thư viện lưu trữ: Trung tâm Học liệu Trường Đại học Cần Thơ
LEADER 00792nam a2200193Ia 4500
001 CTU_153704
008 210402s9999 xx 000 0 und d
082 |a 371.35 
082 |b E84 
245 0 |a Ethical practices and implications in distance learning 
245 0 |c Edited by Ugur Demiray, Ramesh C. Sharma 
260 |a Hershey, PA 
260 |b Information Science Reference 
260 |c c2009 
520 |a This book provides ethical insight into the world of e-learning through case studies that elucidate the issues through real-world examples 
650 |a Distance education,Giáo dục từ xa 
650 |x Moral and ethical aspects,Khía cạnh đạo đức và đạo đức 
904 |i Trọng Hiếu 
980 |a Trung tâm Học liệu Trường Đại học Cần Thơ